[Event "Turkish Women-ch Arzum 2022"]
[Site "Ayvalik"]
[Date "2022.03.10"]
[Round "8.6"]
[White "Buyuk, Ecrin Efsa"]
[Black "Aydin, Gulenay"]
[Result "0-1"]
[WhiteElo "1565"]
[BlackElo "2069"]
[Annotator "TA"]
[PlyCount "80"]
[EventDate "2022.03.04"]
[EventType "swiss"]
[EventCountry "TUR"]
[SourceTitle "playchess.com"]
[Source "ChessBase"]
[SourceQuality "1"]

{[%evp 9,80,9,8,8,7,6,6,-8,0,-53,45,-40,0,0,0,0,0,0,0,-1,7,28,32,-35,-31,-35,-37,-37,-36,-45,-36,-38,-36,-55,-24,-60,-57,-53,-50,-154,-153,-156,-166,-272,-260,-272,-268,-272,-270,-272,-285,-245,-164,-156,-143,-238,-220,-218,-209,-197,-102,-108,-104,-239,-217,-725,-713,-1831,-1503,-2566,-2435,-2122,-1689]} 1. e4 c5 2. Nf3 e6 3. g3 Nc6 4. Bg2 Nf6 5. Qe2 e5 6. O-O {B40: Sicilian: 2...e6, Unusual lines.} Be7 7. c3 O-O 8. Rd1 {The position is equal.} d5 9. d3 (9. exd5 $11 Qxd5 10. d3) 9... h6 (9... Bg4 10. exd5 Qxd5 11. h3 $11) (9... d4 $1 $15) 10. Nbd2 (10. exd5 $14 Qxd5 11. Re1) 10... dxe4 11. dxe4 Qc7 12. Nc4 Be6 13. Nh4 {[#]} Rad8 $146 {[#] And now ...Bxc4 would win.} ({Predecessor:} 13... Rfd8 14. Bd2 b5 15. Ne3 c4 16. Nef5 Bf8 17. Be3 Kh7 18. Qf3 Ng8 19. Bh3 g6 {½-½ (30) Khachatouri,S (1842)-Anibas,J (2034) Austria 2016}) 14. Bd2 b5 15. Ne3 c4 16. Be1 ({White should play} 16. Nhf5 $14) 16... Bc5 $15 17. Nhf5 Ne7 18. Nxe7+ Qxe7 19. Kh1 Rfe8 20. f3 Qc7 21. g4 Nd7 {[%cal Bf6d7,Bd7c5,Bc5d3][%mdl 32]} 22. Bh4 Be7 23. Bg3 Nc5 24. Qf1 (24. Bf1 $15) 24... Bg5 $17 25. Nf5 Nd3 26. h4 (26. Qe2 {was necessary.}) 26... Bf4 $19 (26... Nxb2 27. Rxd8 (27. hxg5 Nxd1 28. Rxd1 hxg5 $15) 27... Bxd8 28. Qb1 $15) 27. Bxf4 Nxf4 ({Stronger than} 27... exf4 28. Nd4 $17) 28. Ne3 Nd3 {To avoid Qf2} 29. Qe2 Qe7 30. h5 Qc5 {[%cal Od3b2]} 31. Rd2 Nf4 32. Qd1 (32. Qf2 $17 {was called for.}) 32... Rd3 33. Rxd3 cxd3 34. Qd2 Rb8 (34... Qe7 $19 {Threatens to win with ...Qh4+.} 35. Bf1 Qh4+ 36. Qh2 Qg5) 35. Bf1 $17 b4 $36 {[%cal Bb5b4,Bb4b3,Bb3a2][%mdl 2080] Black has strong initiative. Black is much more active.} 36. c4 {This move loses the game for White.} ({Avoid the trap} 36. Bxd3 $2 Rd8 37. Nd5 Nxd5 $19) (36. cxb4 $17 Qd4 37. a3) 36... b3 ({Don't play} 36... Bxc4 37. Rc1 $16) 37. Bxd3 $2 {[#]} (37. a3) 37... Qd4 $19 {Black is clearly winning.} 38. Rd1 bxa2 39. Nc2 Qxd3 40. Qxd3 Nxd3 {Weighted Error Value: White=0.68/Black=0.12 (very precise)} 0-1

[Event "Turkish Women-ch Arzum 2022"]
[Site "Ayvalik"]
[Date "2022.03.10"]
[Round "8.7"]
[White "Caglar, Sila"]
[Black "Akin, Duru"]
[Result "1-0"]
[WhiteElo "2200"]
[BlackElo "1563"]
[Annotator "TA"]
[PlyCount "65"]
[EventDate "2022.03.04"]
[EventType "swiss"]
[EventCountry "TUR"]
[SourceTitle "playchess.com"]
[Source "ChessBase"]
[SourceQuality "1"]

{[%evp 9,65,20,18,8,7,-6,0,-8,7,-9,0,-28,-12,-21,-20,-31,-8,-16,-15,-33,39,43,90,0,0,-16,-6,-30,-27,-15,-18,-8,401,407,407,437,481,465,462,455,742,736,472,272,518,513,541,498,584,542,570,516,1072,1066,29989,29990,29977,6401]} 1. e4 c5 2. c3 Nf6 3. e5 Nd5 4. Nf3 d6 5. Bc4 dxe5 6. Nxe5 {B22: Sicilian: 2 c3.} ({Much weaker is} 6. Qb3 e6 7. Bb5+ (7. Nxe5 Qg5 $17) 7... Nd7 8. Nxe5 Bd6 9. Bxd7+ Bxd7 10. Nxd7 Qxd7 $15) 6... e6 $1 7. O-O Bd6 8. d4 {The position is equal.} O-O 9. Nd2 Qc7 10. Nef3 cxd4 11. cxd4 {[#]} b6 $146 ({Predecessor:} 11... Nd7 12. Bd3 Nb4 13. Ne4 Nxd3 14. Qxd3 Re8 15. Bd2 Nf8 16. Rac1 Qe7 17. h4 Bd7 {1-0 (51) Megaranto,S (2530)-Himanshu,S (2391) Hyderabad 2005}) 12. Bb3 {[%cal Bc4b3,Bb3c2,Bc2h7][%mdl 32]} Ba6 13. Re1 Nf6 (13... Nc6 $5 {[%cal Rc6b4]}) 14. Ne5 Bxe5 (14... Nc6 $15 15. Ndf3 Na5) 15. dxe5 $14 Nfd7 {[#]} (15... Nd5 $14) 16. Nf3 (16. Ne4 $1 $16) 16... Nc5 17. Bc2 Rd8 18. Bd2 Nc6 {[%cal Oc6b4]} 19. Qb1 Nd3 20. Re3 {[%cal Rc2d3]} Ndxe5 {[%mdl 8192] This move loses the game for Black.} (20... Qd7 $11 {and Black has nothing to worry.}) 21. Bxh7+ $18 {This bishop pair is nice.} Kh8 {And now ...Nxf3+ would win.} 22. Nxe5 Nxe5 23. Bc3 Ng4 {[%csl Gg4][%cal Rc7h2]} 24. Rh3 Nxf2 (24... Qf4 $142 25. Bd3+ Kg8 26. Bxa6 Qxf2+ 27. Kh1 f5) 25. Kxf2 Qc5+ 26. Re3 (26. Kf3 $142 Rd5 27. Be4+ (27. Bd3+ Kg8 $16) 27... Kg8 28. Bxd5 Qxd5+ 29. Kf2) 26... f5 $2 {[#]} (26... Rac8) 27. b4 $1 {[%cal Bb2b4,Bb4b5][%mdl 32]} Qxe3+ (27... Qc4 28. Rh3) 28. Kxe3 Kxh7 29. b5 Bb7 30. Qe1 {Qh4+ would kill now.} Be4 (30... Rd7 $142 31. Rd1 Bd5 32. Qh4+ Kg8) 31. Rd1 {Intending Qh4+ and mate.} Bd5 32. Qh4+ Kg8 33. Qe7 {Weighted Error Value: White=0.18 (very precise) /Black=0.75} 1-0

[Event "Turkish Women-ch Arzum 2022"]
[Site "Ayvalik"]
[Date "2022.03.10"]
[Round "8.8"]
[White "Bese, Irem"]
[Black "Kocyigit, Buse Naz"]
[Result "0-1"]
[WhiteElo "1714"]
[BlackElo "2023"]
[Annotator "TA"]
[PlyCount "62"]
[EventDate "2022.03.04"]
[EventType "swiss"]
[EventCountry "TUR"]
[SourceTitle "playchess.com"]
[Source "ChessBase"]
[SourceQuality "1"]

{[%evp 23,62,-15,-14,-24,0,-40,-11,-22,-12,-10,-13,-46,-41,-95,-18,-10,-30,-62,-68,-91,-65,-68,-37,-52,-20,-31,-28,-40,-53,-39,-43,-802,-787,-808,-813,-727,-644,-629,-632,-904,-827]} 1. c4 Nf6 2. Nc3 g6 3. g3 Bg7 4. Bg2 O-O 5. Nf3 d6 6. d4 c6 7. O-O Qa5 8. e4 e5 9. h3 Nbd7 10. Re1 exd4 11. Nxd4 Ne5 12. Nb3 Qc7 13. Qe2 {E69: King's Indian: Fianchetto: 6...Nbd7 7 0-0 e5 8 e4 c6 9 h3.} Be6 14. Nd2 {[#]} Rfe8 $146 ({Predecessor:} 14... c5 15. b3 Nc6 16. Bb2 Nd4 17. Qd3 Nd7 18. f4 a6 19. Nf3 b5 20. cxb5 axb5 21. Nxd4 Bxd4+ {0-1 (47) Nogerbek,K (2328)-Mortazavi,A (2333) Chess.com INT 2021}) 15. Rb1 {The position is equal.} (15. f4 $5 {[%cal Rf4e5]} Ned7 16. Nf3 $15) 15... a6 16. f4 Ned7 17. g4 b5 18. Qf3 (18. Rf1 $15) 18... Bxc4 (18... bxc4 $17 19. Qg3 Nb6) 19. Nxc4 $11 bxc4 20. Qf1 Nb6 {Black is more active.} 21. g5 Nfd7 {[%cal Bf6d7,Bd7b6,Bb6d5][%mdl 32]} 22. Be3 Rad8 {[%cal Od6d5]} 23. Rbd1 $1 {Prevents d5.} d5 (23... Rb8 $5 {[%cal Rg7c3]}) 24. exd5 cxd5 {[%cal Oe8e3] [#] aiming for ...Rxe3!} 25. Nxd5 Nxd5 26. Bxd5 {This bishop pair is nice.} Nb6 27. Bf3 {[%mdl 8192] This costs White the game.} (27. Bxb6 $15 Qxb6+ 28. Kh1) 27... Rxd1 $19 {Black is clearly winning.} 28. Bxd1 {[#]} Rxe3 $1 {[%mdl 512]} 29. Rxe3 Bd4 30. Qf3 Qc5 31. Kf2 Nd5 {[%mdl 64] Pin.  Weighted Error Value: White=0.72/Black=0.19 (very precise)} ({Weaker is} 31... Bxe3+ 32. Qxe3 Qd6 33. Be2 $14) 0-1

[Event "Turkish Women-ch Arzum 2022"]
[Site "Ayvalik"]
[Date "2022.03.10"]
[Round "8.9"]
[White "Acar, Ilayda"]
[Black "Sahin, Hayrun Nisa"]
[Result "1-0"]
[WhiteElo "1460"]
[BlackElo "2014"]
[Annotator "TA"]
[PlyCount "51"]
[EventDate "2022.03.04"]
[EventType "swiss"]
[EventCountry "TUR"]
[SourceTitle "playchess.com"]
[Source "ChessBase"]
[SourceQuality "1"]

{[%evp 9,51,25,29,33,77,50,69,31,72,66,51,52,59,52,58,12,147,144,131,136,152,151,147,72,99,87,107,117,177,204,188,181,305,281,2120,2112,29992,29993,29993,29994,29994,29995,29995,1160]} 1. e4 {[%cal Be2e4,Be4e5][%mdl 32]} c5 2. Nf3 e6 3. b3 Nf6 4. e5 Nd5 5. c4 Nb4 6. a3 {B40: Sicilian: 2...e6, Unusual lines.} N4a6 (6... N4c6 $14) 7. Bb2 (7. d4 {feels hotter.} cxd4 8. b4 d6 9. Bg5 Qd7 10. exd6 Bxd6 11. Qxd4 f6 12. Be3) 7... Nc6 {[#]} 8. g3 $146 {White is slightly better.} ({Predecessor:} 8. d3 Be7 9. g3 O-O 10. Bg2 d6 11. exd6 Bf6 12. Nc3 Nd4 13. O-O Qb6 14. Nd2 {1-0 (41) Guasch Murtra,J-Ariste Castano,S Tarragona 1994}) 8... b6 (8... Be7 $14) 9. Bg2 Bb7 10. O-O Be7 11. Re1 O-O 12. d4 (12. Nc3 $14) 12... d6 (12... Nxd4 $1 $11 {remains equal.} 13. Nxd4 Bxg2) 13. d5 $16 exd5 14. cxd5 Nxe5 15. Nxe5 dxe5 16. Bxe5 (16. d6 $142 $1 Bxg2 17. dxe7 Qxe7 18. Kxg2) 16... Bf6 {[#]} 17. f4 $1 {[%cal Bf2f4,Bf4e5][%mdl 32] White is more active.} b5 18. Nc3 b4 (18... Qb6 $16) 19. Ne4 $18 Bxe5 20. fxe5 Rb8 (20... Qb6 $142 21. Nd6 c4+ 22. Kh1 cxb3) 21. Qh5 {[%cal Oe4f6] Threatens to win with Nf6+!} Nc7 $2 {[#]} (21... g6 $2 22. Qh6 f6 23. axb4 cxb4 24. Nxf6+ Rxf6 25. exf6 Qxf6 26. Qe3 $18) (21... c4) 22. Nf6+ $1 {[%mdl 512]} gxf6 (22... Qxf6 23. exf6) 23. Be4 {[%csl Ge4][%cal Rh5h7] White mates.} f5 24. Bxf5 {[%csl Gf5][%cal Rh5h7]} Re8 25. Qxh7+ Kf8 26. Qh8+ {Weighted Error Value: White=0.10 (very precise) /Black=0.52} (26. Qh6+ $142 Kg8 27. Bh7+ Kh8 28. Bg6+ Kg8 29. Qh7+ Kf8 30. Qxf7#) 1-0

[Event "Turkish Women-ch Arzum 2022"]
[Site "Ayvalik"]
[Date "2022.03.10"]
[Round "8.10"]
[White "Alagoz, Zumra Meryem"]
[Black "Demirtas, Hafize"]
[Result "1-0"]
[WhiteElo "1573"]
[BlackElo "1779"]
[Annotator "NA RC"]
[PlyCount "67"]
[EventDate "2022.03.04"]
[EventType "swiss"]
[EventCountry "TUR"]
[SourceTitle "playchess.com"]
[Source "ChessBase"]
[SourceQuality "1"]
[TimeControl "5400+30"]

1. e4 e5 2. Nf3 Nc6 3. Bc4 {[%emt 0:01:00]} Nf6 {[%emt 0:02:00]} 4. d3 {[%emt 0:00:30]} Bc5 {[%emt 0:00:30]} 5. c3 {[%emt 0:00:30]} a6 {[%emt 0:00:30]} 6. O-O {[%emt 0:04:30]} O-O {[%emt 0:00:30]} 7. d4 {[%emt 0:02:30]} Ba7 {[%emt 0:07:30]} 8. dxe5 {[%emt 0:10:30]} Nxe4 {[%emt 0:02:30]} 9. Bd5 {[%emt 0:03:30]} Nc5 {[%emt 0:01:30]} 10. Bg5 {[%emt 0:08:30]} Qe8 {[%emt 0:02:30]} 11. Re1 {[%emt 0:02:30]} h6 {[%emt 0:04:30]} 12. Qc2 {[%emt 0:13:30]} Ne6 {[%emt 0:01:30]} 13. Bh4 {[%emt 0:05:30]} Ne7 {[%emt 0:03:30]} 14. Be4 {[%emt 0:02:30]} Nc5 {[%emt 0:02:30]} 15. Nbd2 {[%emt 0:04:30]} Kh8 {[%emt 0:04:30]} 16. Nd4 {[%emt 0:04:30]} Nxe4 {[%emt 0:06:30]} 17. Qxe4 {[%emt 0:01:30]} Ng6 {[%emt 0:02:30]} 18. Bg3 {[%emt 0:00:30]} Qd8 {[%emt 0:10:30]} 19. h4 {[%emt 0:02:30]} Ne7 {[%emt 0:00:30]} 20. N2f3 {[%emt 0:03:30]} Rb8 {[%emt 0:02:30]} 21. Rad1 {[%emt 0:04:30]} b5 {[%emt 0:04:30]} 22. h5 {[%emt 0:04:57]} Bb7 {[%emt 0:03:30]} 23. Qg4 {[%emt 0:00:49]} c5 {[%emt 0:00:30]} 24. Nf5 {[%emt 0:01:27]} Nxf5 {[%emt 0:02:30]} 25. Qxf5 {[%emt 0:00:16]} Qa5 {[%emt 0:05:30]} 26. Nh4 {[%emt 0:04:56]} Qxa2 {[%emt 0:14:19]} 27. Rd6 {[%emt 0:02:10]} Kg8 {[%emt 0:06:24]} 28. Qg4 {[%emt 0:00:49]} Kh8 {[%emt 0:03:30]} 29. Nf5 {[%emt 0:02:45]} Rg8 {[%emt 0:02:46]} 30. Qh4 {[%emt 0:00:45]} Kh7 {[%emt 0:04:21]} 31. Qf4 {[%emt 0:00:10]} Rh8 {[%emt 0:00:45]} 32. Rxh6+ {[%emt 0:01:02]} Kg8 {[%emt 0:00:30]} 33. Ne7+ {[%emt 0:00:21]} Kf8 {[%emt 0:00:25]} 34. Ng6+ {[%emt 0:00:13]} 1-0

[Event "Turkish Women-ch Arzum 2022"]
[Site "Ayvalik"]
[Date "2022.03.10"]
[Round "8.11"]
[White "Kalayci, Nino"]
[Black "Kayis, Gulcan Sena"]
[Result "0-1"]
[WhiteElo "1775"]
[BlackElo "1597"]
[Annotator "NA RC"]
[PlyCount "38"]
[EventDate "2022.03.04"]
[EventType "swiss"]
[EventCountry "TUR"]
[SourceTitle "playchess.com"]
[Source "ChessBase"]
[SourceQuality "1"]
[TimeControl "5400+30"]

1. b3 e5 2. e3 Nc6 3. Bb2 {[%emt 0:01:00]} Nf6 {[%emt 0:02:00]} 4. c4 {[%emt 0:02:30]} d5 {[%emt 0:01:30]} 5. d3 {[%emt 0:08:30]} Bb4+ {[%emt 0:05:30]} 6. Nd2 {[%emt 0:30:30]} dxc4 {[%emt 0:05:30]} 7. bxc4 {[%emt 0:00:30]} Bf5 {[%emt 0:01:30]} 8. e4 {[%emt 0:02:30]} Bg4 {[%emt 0:10:30]} 9. Qc2 {[%emt 0:00:30]} O-O {[%emt 0:01:30]} 10. h3 {[%emt 0:00:30]} Bh5 {[%emt 0:01:30]} 11. g4 {[%emt 0:02:30]} Bg6 {[%emt 0:00:30]} 12. Ne2 {[%emt 0:14:30]} Nxe4 {[%emt 0:06:30]} 13. Bc3 {[%emt 0:28:42]} Nc5 {[%emt 0:12:30]} 14. Ng3 {[%emt 0:04:41]} Bxd3 {[%emt 0:01:30]} 15. Qb2 {[%emt 0:00:33]} Bxf1 {[%emt 0:00:30]} 16. Kxf1 {[%emt 0:00:30]} Qd3+ {[%emt 0:00:00]} 17. Ne2 {[%emt 0:00:19]} Na4 {[%emt 0:00:00]} 18. Qb1 {[%emt 0:00:45]} Qxe2+ {[%emt 0:00:30]} 19. Kxe2 {[%emt 0:00:11]} Nxc3+ {[%emt 0:00:00]} 0-1

[Event "Turkish Women-ch Arzum 2022"]
[Site "Ayvalik"]
[Date "2022.03.10"]
[Round "8.12"]
[White "Incecik, Seyma Zeynep"]
[Black "Karatiken, Beray"]
[Result "0-1"]
[WhiteElo "1777"]
[BlackElo "1380"]
[Annotator "NA RC"]
[PlyCount "112"]
[EventDate "2022.03.04"]
[EventType "swiss"]
[EventCountry "TUR"]
[SourceTitle "playchess.com"]
[Source "ChessBase"]
[SourceQuality "1"]
[TimeControl "5400+30"]

1. b3 {[%emt 0:03:00]} e5 {[%emt 0:02:00]} 2. Bb2 {[%emt 0:00:30]} d6 {[%emt 0:00:00]} 3. e3 {[%emt 0:00:30]} Nd7 {[%emt 0:01:00]} 4. Nf3 {[%emt 0:00:30]} c6 {[%emt 0:00:30]} 5. d4 {[%emt 0:00:30]} Qc7 {[%emt 0:00:30]} 6. c4 {[%emt 0:01:30]} Ngf6 {[%emt 0:02:30]} 7. Nc3 {[%emt 0:00:30]} Be7 {[%emt 0:01:30]} 8. Be2 {[%emt 0:00:30]} h6 {[%emt 0:01:30]} 9. Rc1 {[%emt 0:00:30]} Nf8 {[%emt 0:05:30]} 10. O-O {[%emt 0:06:30]} g5 {[%emt 0:03:30]} 11. dxe5 {[%emt 0:03:30]} dxe5 {[%emt 0:00:30]} 12. Nxe5 {[%emt 0:00:30]} Bd6 {[%emt 0:09:30]} 13. Nf3 {[%emt 0:10:30]} g4 {[%emt 0:03:30]} 14. c5 {[%emt 0:04:30]} gxf3 {[%emt 0:04:30]} 15. cxd6 {[%emt 0:00:30]} fxe2 {[%emt 0:01:30]} 16. Qxe2 {[%emt 0:00:30]} Qxd6 {[%emt 0:01:30]} 17. Ne4 {[%emt 0:00:30]} Nxe4 {[%emt 0:01:30]} 18. Bxh8 {[%emt 0:00:30]} Bd7 {[%emt 0:00:30]} 19. Rfd1 {[%emt 0:00:30]} Qg6 {[%emt 0:01:30]} 20. f3 {[%emt 0:01:30]} Ng5 {[%emt 0:03:30]} 21. Be5 {[%emt 0:01:30]} O-O-O {[%emt 0:05:30]} 22. b4 {[%emt 0:03:30]} Re8 {[%emt 0:04:30]} 23. Bg3 {[%emt 0:02:30]} f5 {[%emt 0:03:30]} 24. Rd6 {[%emt 0:11:30]} Qg7 {[%emt 0:02:30]} 25. Kh1 {[%emt 0:03:30]} Nf7 {[%emt 0:03:30]} 26. Rd2 {[%emt 0:01:30]} Qg5 {[%emt 0:04:30]} 27. Bf4 {[%emt 0:00:30]} Qe7 {[%emt 0:01:30]} 28. b5 {[%emt 0:02:30]} Ng6 {[%emt 0:01:30]} 29. bxc6 {[%emt 0:09:30]} Bxc6 {[%emt 0:01:30]} 30. Rxc6+ {[%emt 0:07:30]} bxc6 {[%emt 0:03:30]} 31. Qa6+ {[%emt 0:00:30]} Qb7 {[%emt 0:00:30]} 32. Qxb7+ {[%emt 0:00:30]} Kxb7 {[%emt 0:00:30]} 33. Rd7+ {[%emt 0:00:00]} Ka6 {[%emt 0:00:30]} 34. Rxf7 {[%emt 0:00:00]} Nxf4 {[%emt 0:00:00]} 35. g3 {[%emt 0:00:30]} Nd5 {[%emt 0:01:00]} 36. Rxf5 {[%emt 0:00:30]} Rxe3 {[%emt 0:00:00]} 37. Rh5 {[%emt 0:00:00]} Rxf3 {[%emt 0:00:00]} 38. Rxh6 {[%emt 0:00:00]} Kb6 {[%emt 0:00:30]} 39. g4 {[%emt 0:00:30]} Ne3 {[%emt 0:01:30]} 40. h3 {[%emt 0:00:30]} Rf1+ {[%emt 0:00:30]} 41. Kh2 {[%emt 0:00:30]} Rf2+ {[%emt 0:00:00]} 42. Kg3 {[%emt 0:00:30]} Rxa2 {[%emt 0:00:00]} 43. Kf4 {[%emt 0:00:00]} Nd5+ {[%emt 0:00:30]} 44. Kf5 {[%emt 0:00:00]} Rf2+ {[%emt 0:00:30]} 45. Ke5 {[%emt 0:00:30]} a5 {[%emt 0:00:00]} 46. g5 {[%emt 0:00:30]} a4 {[%emt 0:01:00]} 47. Rh8 {[%emt 0:00:00]} Rg2 {[%emt 0:01:30]} 48. h4 {[%emt 0:01:00]} a3 {[%emt 0:00:30]} 49. Kf5 {[%emt 0:00:30]} a2 {[%emt 0:00:30]} 50. Ra8 {[%emt 0:00:30]} Nc7 {[%emt 0:00:00]} 51. Ra3 {[%emt 0:00:00]} Nb5 {[%emt 0:00:00]} 52. Ra4 {[%emt 0:00:00]} Nd6+ {[%emt 0:01:30]} 53. Kf6 {[%emt 0:00:30]} Kb5 {[%emt 0:00:30]} 54. Ra8 {[%emt 0:00:30]} Nc4 {[%emt 0:01:30]} 55. g6 {[%emt 0:00:30]} Na5 {[%emt 0:00:30]} 56. g7 {[%emt 0:00:30]} a1=Q+ {[%emt 0:00:00]} 0-1

[Event "Turkish Women-ch Arzum 2022"]
[Site "Ayvalik"]
[Date "2022.03.10"]
[Round "8.13"]
[White "Karatiken, Seray"]
[Black "Zengin, Ovgu"]
[Result "1-0"]
[WhiteElo "1717"]
[BlackElo "1475"]
[Annotator "NA RC"]
[PlyCount "51"]
[EventDate "2022.03.04"]
[EventType "swiss"]
[EventCountry "TUR"]
[SourceTitle "playchess.com"]
[Source "ChessBase"]
[SourceQuality "1"]
[TimeControl "5400+30"]

1. d4 {[%emt 0:03:00]} d5 {[%emt 0:01:00]} 2. Nf3 {[%emt 0:00:30]} Nf6 {[%emt 0:00:00]} 3. e3 {[%emt 0:00:30]} e6 {[%emt 0:00:00]} 4. Bd3 {[%emt 0:00:00]} c5 {[%emt 0:00:30]} 5. b3 {[%emt 0:00:00]} Be7 {[%emt 0:01:30]} 6. O-O {[%emt 0:01:30]} O-O {[%emt 0:00:30]} 7. Bb2 {[%emt 0:00:30]} b6 {[%emt 0:00:30]} 8. Nbd2 {[%emt 0:00:00]} Ba6 {[%emt 0:00:30]} 9. c4 {[%emt 0:00:00]} Nbd7 {[%emt 0:00:30]} 10. Ne5 {[%emt 0:01:30]} Bb7 {[%emt 0:00:30]} 11. Qc2 {[%emt 0:05:30]} h6 {[%emt 0:02:30]} 12. f4 {[%emt 0:00:30]} Rc8 {[%emt 0:02:30]} 13. f5 {[%emt 0:05:30]} exf5 {[%emt 0:14:30]} 14. Bxf5 {[%emt 0:01:30]} dxc4 {[%emt 0:05:30]} 15. bxc4 {[%emt 0:01:30]} cxd4 {[%emt 0:11:30]} 16. exd4 {[%emt 0:03:30]} Ra8 {[%emt 0:09:30]} 17. Ndf3 {[%emt 0:07:30]} Nxe5 {[%emt 0:04:30]} 18. dxe5 {[%emt 0:03:30]} Bc5+ {[%emt 0:02:30]} 19. Kh1 {[%emt 0:00:00]} Ne8 {[%emt 0:04:30]} 20. Rad1 {[%emt 0:03:00]} Qb8 {[%emt 0:04:30]} 21. Nh4 {[%emt 0:01:30]} g5 {[%emt 0:07:30]} 22. Bh7+ {[%emt 0:06:30]} Kg7 {[%emt 0:01:30]} 23. e6+ {[%emt 0:00:30]} f6 {[%emt 0:00:30]} 24. Rd7+ {[%emt 0:00:30]} Be7 {[%emt 0:02:30]} 25. Rxe7+ {[%emt 0:00:30]} Kh8 {[%emt 0:00:30]} 26. Ng6# {[%emt 0:00:00]} 1-0

[Event "Turkish Women-ch Arzum 2022"]
[Site "Ayvalik"]
[Date "2022.03.10"]
[Round "8.14"]
[White "Kipik, Feyza"]
[Black "Engin, Cagla"]
[Result "1-0"]
[WhiteElo "1603"]
[BlackElo "1436"]
[Annotator "NA RC"]
[PlyCount "51"]
[EventDate "2022.03.04"]
[EventType "swiss"]
[EventCountry "TUR"]
[SourceTitle "playchess.com"]
[Source "ChessBase"]
[SourceQuality "1"]
[TimeControl "5400+30"]

1. e4 {[%emt 0:03:00]} d6 {[%emt 0:01:00]} 2. d4 {[%emt 0:00:30]} g6 {[%emt 0:00:00]} 3. Nf3 {[%emt 0:00:00]} Bg7 {[%emt 0:00:00]} 4. c3 {[%emt 0:00:00]} Nd7 {[%emt 0:01:30]} 5. Bd3 {[%emt 0:01:30]} e6 {[%emt 0:03:30]} 6. O-O {[%emt 0:00:30]} Ne7 {[%emt 0:00:30]} 7. Nbd2 {[%emt 0:02:30]} b6 {[%emt 0:02:30]} 8. a4 {[%emt 0:03:30]} a5 {[%emt 0:02:30]} 9. Re1 {[%emt 0:08:30]} O-O {[%emt 0:01:30]} 10. Nf1 {[%emt 0:10:30]} Bb7 {[%emt 0:04:30]} 11. Ng3 {[%emt 0:03:30]} c5 {[%emt 0:09:30]} 12. Be3 {[%emt 0:08:30]} Rc8 {[%emt 0:05:30]} 13. Qd2 {[%emt 0:09:30]} cxd4 {[%emt 0:05:30]} 14. cxd4 {[%emt 0:00:30]} Nc6 {[%emt 0:02:30]} 15. Bg5 {[%emt 0:04:30]} Bf6 {[%emt 0:07:30]} 16. Bh6 {[%emt 0:12:30]} Bg7 {[%emt 0:02:30]} 17. Rac1 {[%emt 0:06:30]} Nb4 {[%emt 0:05:30]} 18. Bb5 {[%emt 0:00:30]} Rxc1 {[%emt 0:07:30]} 19. Rxc1 {[%emt 0:00:30]} Nf6 {[%emt 0:00:30]} 20. Bxg7 {[%emt 0:03:35]} Kxg7 {[%emt 0:01:30]} 21. Qf4 {[%emt 0:00:25]} Qe7 {[%emt 0:06:30]} 22. Nd2 {[%emt 0:01:10]} Rd8 {[%emt 0:09:30]} 23. Qg5 {[%emt 0:04:09]} h6 {[%emt 0:00:30]} 24. Nh5+ {[%emt 0:00:33]} Kh7 {[%emt 0:04:42]} 25. Nxf6+ {[%emt 0:00:46]} Kh8 {[%emt 0:00:18]} 26. Qxh6# {[%emt 0:00:00]} 1-0

[Event "Turkish Women-ch Arzum 2022"]
[Site "Ayvalik"]
[Date "2022.03.10"]
[Round "8.15"]
[White "Aydogan, Arya"]
[Black "Salt, Ilayda"]
[Result "1-0"]
[WhiteElo "1328"]
[BlackElo "1594"]
[Annotator "NA RC"]
[PlyCount "92"]
[EventDate "2022.03.04"]
[EventType "swiss"]
[EventCountry "TUR"]
[SourceTitle "playchess.com"]
[Source "ChessBase"]
[SourceQuality "1"]
[TimeControl "5400+30"]

1. e4 c5 2. Nf3 Nc6 3. Bb5 a6 {[%emt 0:02:00]} 4. Bxc6 {[%emt 0:01:30]} dxc6 {[%emt 0:00:30]} 5. O-O {[%emt 0:00:30]} Bg4 {[%emt 0:00:00]} 6. h3 {[%emt 0:04:30]} Bh5 {[%emt 0:00:00]} 7. d3 {[%emt 0:00:30]} e6 {[%emt 0:00:30]} 8. Nbd2 {[%emt 0:02:30]} Bd6 {[%emt 0:00:30]} 9. b3 {[%emt 0:04:30]} Qf6 {[%emt 0:11:30]} 10. Rb1 {[%emt 0:05:30]} Ne7 {[%emt 0:09:30]} 11. g4 {[%emt 0:18:30]} Bxg4 {[%emt 0:03:30]} 12. hxg4 {[%emt 0:02:30]} Qf4 {[%emt 0:00:30]} 13. Re1 {[%emt 0:08:30]} Qxg4+ {[%emt 0:00:30]} 14. Kf1 {[%emt 0:00:30]} Ng6 {[%emt 0:03:30]} 15. Nc4 {[%emt 0:01:30]} Bc7 {[%emt 0:10:30]} 16. Ng1 {[%emt 0:06:30]} Qh4 {[%emt 0:04:30]} 17. Be3 {[%emt 0:03:30]} b5 {[%emt 0:04:30]} 18. Nd2 {[%emt 0:01:30]} Qe7 {[%emt 0:04:30]} 19. Ndf3 {[%emt 0:06:30]} h5 {[%emt 0:02:30]} 20. Qd2 {[%emt 0:02:30]} h4 {[%emt 0:02:30]} 21. Nh3 {[%emt 0:00:30]} b4 {[%emt 0:06:30]} 22. d4 {[%emt 0:05:30]} cxd4 {[%emt 0:06:30]} 23. Qxd4 {[%emt 0:01:30]} e5 {[%emt 0:02:30]} 24. Qc4 {[%emt 0:04:46]} Qf6 {[%emt 0:04:30]} 25. Bg5 {[%emt 0:02:29]} Qe6 {[%emt 0:00:30]} 26. Qxe6+ {[%emt 0:00:40]} fxe6 {[%emt 0:00:30]} 27. Rbd1 {[%emt 0:01:27]} c5 {[%emt 0:00:30]} 28. Rd2 {[%emt 0:01:52]} Rf8 {[%emt 0:03:43]} 29. Kg2 {[%emt 0:00:56]} Bd8 {[%emt 0:00:31]} 30. Red1 {[%emt 0:02:24]} Bxg5 {[%emt 0:03:16]} 31. Nfxg5 {[%emt 0:00:50]} Nf4+ {[%emt 0:05:03]} 32. Nxf4 {[%emt 0:00:14]} Rxf4 {[%emt 0:00:00]} 33. Nxe6 {[%emt 0:01:31]} Rf7 {[%emt 0:00:04]} 34. Nxc5 {[%emt 0:02:02]} g5 {[%emt 0:02:44]} 35. Rd5 {[%emt 0:01:23]} Re7 {[%emt 0:00:42]} 36. Nd3 {[%emt 0:00:54]} Rc8 {[%emt 0:00:47]} 37. Rd2 {[%emt 0:00:15]} Kf7 {[%emt 0:01:17]} 38. Nxe5+ {[%emt 0:01:05]} Kf6 {[%emt 0:01:21]} 39. Ng4+ {[%emt 0:00:51]} Kg6 {[%emt 0:00:24]} 40. Rd6+ {[%emt 0:00:23]} Kg7 {[%emt 0:00:21]} 41. Rd7 {[%emt 0:01:30]} Rxd7 {[%emt 0:01:33]} 42. Rxd7+ {[%emt 0:00:30]} Kg6 {[%emt 0:00:00]} 43. Ne3 {[%emt 0:00:13]} Rc6 {[%emt 0:00:14]} 44. Nc4 {[%emt 0:00:43]} Kh5 {[%emt 0:00:26]} 45. Rh7+ {[%emt 0:02:02]} Kg6 {[%emt 0:01:06]} 46. Ne5+ {[%emt 0:00:12]} Kxh7 {[%emt 0:00:18]} 1-0